प्लेग/ (Record no. 205676)
[ view plain ]
| 000 -LEADER | |
|---|---|
| fixed length control field | 00945nam a22002057a 4500 |
| 005 - DATE AND TIME OF LATEST TRANSACTION | |
| control field | 20240927173124.0 |
| 010 ## - LCCN (DPL NO) | |
| LC control number | HIN-128376 |
| 020 ## - INTERNATIONAL STANDARD BOOK NUMBER | |
| International Standard Book Number | 9788180591761 |
| Terms of availability | 450.00 |
| 035 ## - SYSTEM CONTROL NUMBER | |
| System control number | HN-100722 |
| 037 ## - SOURCE OF ACQUISITION | |
| Source of stock number/acquisition | DBAD |
| 082 ## - DEWEY DECIMAL CLASSIFICATION NUMBER | |
| Classification number | 820.08 |
| 100 ## - MAIN ENTRY--PERSONAL NAME | |
| Personal name | कामू, ऑल्वेयर |
| 245 ## - TITLE STATEMENT | |
| Title | प्लेग/ |
| Statement of responsibility, etc | ऑल्वेयर कामू; रणजीत सिंह द्वारा अनुवादित |
| 250 ## - EDITION STATEMENT | |
| Edition statement | 1 |
| 260 ## - PUBLICATION, DISTRIBUTION, ETC. (IMPRINT) | |
| Place of publication, distribution, etc | दिल्ली |
| Name of publisher, distributor, etc | श्री प्रकाशन |
| Date of publication, distribution, etc | 2021 |
| 270 ## - ADDRESS | |
| Address | ए - 402 विद्युत अपार्टमेंट , 81 आई .पी . एक्सटेंशन, पटपडगंज |
| City | दिल्ली |
| Postal code | 110092 |
| Electronic mail address | shilalekhboks@gmail.com |
| 300 ## - PHYSICAL DESCRIPTION | |
| Extent | 256 पृ. |
| Dimensions | 23 सेमी (सजिल्द) |
| 700 ## - ADDED ENTRY--PERSONAL NAME | |
| Personal name | रणजीत सिंह |
| Relator term | अनुवादक |
| 9 (RLIN) | 71258 |
| 942 ## - ADDED ENTRY ELEMENTS (KOHA) | |
| Source of classification or shelving scheme | Dewey Decimal Classification |
| Item type | Hindi Books |
| Classification part | 820.08 |
| Call number suffix | कामूऑ |
| Withdrawn status | Lost status | Not for loan | Collection code | Home library | Current library | Date acquired | Source of acquisition | Cost, normal purchase price | Full call number | Barcode | Copy number | Cost, replacement price | Koha item type |
|---|---|---|---|---|---|---|---|---|---|---|---|---|---|
| Non-fiction | Shahdara Branch | Shahdara Branch | 06/09/2024 | DBAD | 450.00 | 820.08 कामूऑ | HN-100722 | 1 | 450.00 | Hindi Books |
